| 000 | 01274nam a22003377a 4500 | ||
|---|---|---|---|
| 003 | CHAP | ||
| 005 | 20220817043151.0 | ||
| 008 | 971013s1988 r 10010 d | ||
| 010 | _a67295 | ||
| 011 | _a68267 | ||
| 035 | _a77739 | ||
| 040 | _cCHAP | ||
| 082 |
_a581.15063 _bC65r 1988 |
||
| 111 | 0 | 0 |
_aCongreso Nacional de Fitogenética ( _n12 _d: 1988 _c: Chapingo, Méx.) _926964 |
| 245 | _aResúmenes | ||
| 260 |
_aChapingo, Méx. : _bINIFAP, _c1988 |
||
| 300 | _a404 P. | ||
| 590 |
_aBATCH-UPD _b10 _c20130110 _lUCH01 _h1615 |
||
| 590 |
_aBATCH-UPD _b10 _c20130410 _lUCH01 _h1010 |
||
| 590 |
_aBATCH-UPD _b10 _c20130914 _lUCH01 _h1539 |
||
| 590 |
_aCONVERSION _b10 _c20130109 _lUCH01 _h1337 |
||
| 650 | 1 | 4 |
_aGenética vegetal _xCongresos. |
| 710 | 0 |
_aSociedad Mexicana de Fitogenética. _9108086 |
|
| 901 | _aBK | ||
| 942 | _cLIBRO | ||
| 949 |
_a581.15063 C65r 1988 _bBC _cCONG _d-93063 _eCONG _fc.5 _h72176 _i77739 _si |
||
| 949 |
_a581.15063 C65r 1988 _bBC _cLIBRO _d33724000547378 _eLIBRO _fc.4 _h73175 _i77739 _si |
||
| 949 |
_a581.15063 C65r 1988 _bBC _cLIBRO _d33724000547428 _eLIBRO _h73172 _i77739 _si |
||
| 949 |
_a581.15063 C65r 1988 _bBC _cLIBRO _d33724000547436 _eLIBRO _fc.2 _h73173 _i77739 _si |
||
| 949 |
_a581.15063 C65r 1988 _bBC _cLIBRO _d33724000791018 _eLIBRO _fc.3 _h73174 _i77739 _sb |
||
| 999 |
_c67295 _d67295 |
||